Cuentan de una mujer... : (Record no. 114960)

MARC details
000 -LEADER
campo de control de longitud fija 00984nam a2200253 i 4500
001 - NÚMERO DE CONTROL
campo de control 114960
003 - IDENTIFICADOR DE NÚMERO DE CONTROL
campo de control ES-MaACL
005 - FECHA Y HORA DE LA ÚLTIMA TRANSACCIÓN
campo de control 20230906190309.0
007 - CAMPO FIJO DE DESCRIPCIÓN FÍSICA--INFORMACIÓN GENERAL
campo de control de longitud fija t|
008 - DATOS DE LONGITUD FIJA--INFORMACIÓN GENERAL
campo de control de longitud fija 070214s1932 sp ||||1| spa d
080 ## - NÚMERO DE LA CLASIFICACIÓN DECIMAL UNIVERSAL
Número de la Clasificación Decimal Universal 840-23"19"
100 1# - ENTRADA PRINCIPAL--NOMBRE DE PERSONA
Nombre de persona Fernández Lepina, Antonio.
9 (RLIN) 49870
245 10 - MENCIÓN DEL TÍTULO
Título Cuentan de una mujer... :
Resto del título (Il etait une fois...) : aventura en tres actos, divididos en seis cuadros /
Mención de responsabilidad, etc. Antonio F. Lepina ; adaptación española Francis de Croisset ; dibujos de Antonio Merlo.
260 ## - PUBLICACIÓN, DISTRIBUCIÓN, ETC.
Lugar de publicación, distribución, etc. Madrid :
Nombre del editor, distribuidor, etc. Rivadeneyra,
Fecha de publicación, distribución, etc. 1932.
300 ## - DESCRIPCIÓN FÍSICA
Extensión 80 p. :
Otras características físicas il ;
Dimensiones 17 cm.
490 1# - MENCIÓN DE SERIE
Mención de serie La Farsa ;
Designación de volumen o secuencia 273
500 ## - NOTA GENERAL
Nota general Estrenada en el Teatro Avenida, de Madrid, el día 20 de octubre de 1932.
599 ## - NOTA A LAS ILUSTRACIONES
NOTA A LAS ILUSTRACIONES En cub.: Josefina Díaz de Artigas y Manuel Collado en una escena de Cuentan de una mujer
700 1# - ENTRADA AGREGADA--NOMBRE PERSONAL
Nombre de persona Croisset, Francis.
9 (RLIN) 41672
700 1# - ENTRADA AGREGADA--NOMBRE PERSONAL
Nombre de persona Merlo, Antonio.
9 (RLIN) 80579
830 1# - PUNTO DE ACCESO ADICIONAL DE SERIE-TÍTULO UNIFORME
Título uniforme La Farsa ;
Designación de volumen o secuencia 273
9 (RLIN) 185863
852 4# - LOCALIZACIÓN
Ubicación ES-MaACL
Número de control de estantería C-13221
Holdings
Estatus retirado Estado de pérdida Estado de daño No para préstamo Biblioteca de origen Biblioteca actual Ubicación en estantería Fecha de adquisición Fuente de adquisición Total de préstamos Signatura topográfica completa Código de barras Visto por última vez Precio de reemplazo Tipo de ítem Koha
        Biblioteca del Ateneo de Madrid Biblioteca del Ateneo de Madrid Sala Palomar 17/01/2008     C-13221 1119881 23/02/2023 23/02/2023 Libro impreso